[Event "Sozina Open"]
[Site "Bar SCG"]
[Date "2005.03.10"]
[Round "7"]
[White "Vajda,Al1"]
[Black "Djukic,Ni"]
[Result "0-1"]
[WhiteElo "2436"]
[BlackElo "2504"]

1.e4 c5 2.Nf3 Nc6 3.Bb5 g6 4.O-O Bg7 5.Nc3 e5 6.Nd5 Nge7 7.Re1 O-O 8.c3 d6
9.Nxe7+ Qxe7 10.d3 h6 11.a3 f5 12.b4 cxb4 13.axb4 Be6 14.Bc4 Kh7 15.b5 Nd8
16.Nd2 Qf7 17.f3 d5 18.Bb3 Qd7 19.Ba3 Re8 20.c4 dxe4 21.dxe4 a6 22.Bb2 Nf7
23.bxa6 bxa6 24.Nf1 Qxd1 25.Rexd1 Rab8 26.Rd2 Red8 27.Rxd8 Nxd8 28.Nd2 Bc8
29.Ba3 h5 30.Ba2 Bh6 31.Nf1 fxe4 32.fxe4 Bb7 33.Bd6 Rc8 34.Bxe5 Bxe4 35.Re1 Bd3
36.c5 Bxf1 37.Kxf1 Rxc5 38.Bd4 Rf5+ 39.Kg1 Nc6 40.Bf2 Bg7  0-1

[Event "Acropolis Women's GM Open"]
[Site "Athens GRE"]
[Date "2005.03.11"]
[Round "6"]
[White "Sedina,E"]
[Black "Smokina,K"]
[Result "1-0"]
[WhiteElo "2416"]
[BlackElo "2241"]

1.e4 c5 2.Nf3 Nc6 3.Bb5 g6 4.O-O Bg7 5.c3 e5 6.d4 exd4 7.cxd4 cxd4 8.Bf4 a6
9.Ba4 b5 10.Bb3 Qf6 11.Qd2 Qe7 12.e5 Qb4 13.Qd3 Bh6 14.Ng5 Bxg5 15.Bxg5 h6
16.Qf3 Rh7 17.a3 Qa5 18.Bf4 g5 19.Bg3 Nge7 20.Qd3 Rg7 21.Nd2 Nd8 22.Qxd4 Nf5
23.Qd3 Nxg3 24.hxg3 Bb7 25.Ne4 Bxe4 26.Qxe4 Nc6 27.e6 fxe6 28.Bxe6  1-0

[Event "Acropolis Women's GM Open"]
[Site "Athens GRE"]
[Date "2005.03.11"]
[Round "6"]
[White "Ikonomopoulou,M"]
[Black "Paganoglou,A"]
[Result "0-1"]
[WhiteElo "2036"]
[BlackElo "1944"]

1.e4 c5 2.Nf3 Nc6 3.Bb5 g6 4.c3 Nf6 5.e5 Nd5 6.d4 cxd4 7.Qb3 Nc7 8.Bc4 Ne6
9.cxd4 Na5 10.Qc3 Nxc4 11.Qxc4 Qc7 12.Qc3 Bg7 13.O-O O-O 14.d5 Qxc3 15.Nxc3 Nc7
16.Bf4 h6 17.Rac1 b6 18.Rfd1 Bb7 19.Ne1 Rac8 20.Nc2 Ba6 21.Nb4 Bb7 22.Nc2 g5
23.Bg3 f5 24.exf6 Bxf6 25.Ne3 d6 26.h3 Bg7 27.Ne4 Bxb2 28.Rc2 Ba3 29.Rd3 Bc5
30.Nxc5 bxc5 31.Rb2 Ba6 32.Ra3 h5 33.Ra4 h4 34.Bh2 Rb8 35.Rxb8 Rxb8 36.g3 Rb4
37.Ra3 Kf7 38.Kg2 c4 39.gxh4 gxh4 40.Nf5 Bb7 41.Rxa7 Bxd5+ 42.Kf1 Bf3 43.Ke1 c3
44.Nxd6+ Ke6 45.Rb7 Bxb7 46.Nxb7 Rxb7 47.Kd1 Nd5 48.a4 Ra7 49.f4 Ne3+ 50.Kc1 Rxa4
51.f5+ Kxf5 52.Kb1 c2+ 53.Kb2 Rb4+  0-1

[Event "ch-BLR"]
[Site "Minsk BLR"]
[Date "2005.03.11"]
[Round "8"]
[White "Kovalev,An"]
[Black "Trifonov,D"]
[Result "1-0"]
[WhiteElo "2565"]
[BlackElo "2347"]

1.e4 c5 2.Nf3 Nc6 3.Bb5 d6 4.O-O Bd7 5.Re1 Nf6 6.c3 a6 7.Bf1 Bg4 8.d3 g6
9.h3 Bxf3 10.Qxf3 Bg7 11.Qd1 e5 12.a3 O-O 13.b4 cxb4 14.axb4 d5 15.Qb3 d4
16.c4 Nd7 17.Na3 b6 18.Bd2 Qe7 19.Nc2 a5 20.Qa4 Rfc8 21.Reb1 Qd8 22.Qb5 Qc7
23.Be2 h5 24.g4 axb4 25.Bxb4 Rxa1 26.Rxa1 Nf6 27.Ra6 hxg4 28.hxg4 Nd7 29.Bd2 Bf8
30.g5 Rb8 31.Ra1 Nc5 32.Ne1 Be7 33.Bg4 Kg7 34.Rb1 Qd6 35.Qb2 Ra8 36.Kf1 Rh8
37.Qc2 Rh4 38.Bf3 Bd8 39.Bg2 Rh5 40.Nf3 Qd7 41.Ke2 Qg4 42.Rg1 Rh2 43.Bf1 Qh5
44.Bg2 Bc7 45.Qb1 Nd8 46.Rh1 Rxh1 47.Qxh1 Qxh1 48.Bxh1 Nde6 49.Bg2 Nb3 50.Bh3 Nxd2
51.Kxd2 Nf4 52.Bd7 Kf8 53.Bc8 Ke7 54.Bg4 Kd6 55.Bc8 Bd8 56.Bg4 Be7 57.Kc2 Bf8
58.Kd2 Bg7 59.Kc2 Ke7 60.Kd2 Kd6 61.Kc2 Nh5 62.Bxh5 gxh5 63.Kb3 Kc6 64.Kc2 b5
65.cxb5+ Kxb5 66.Kd2 Kb4 67.Nh4 Bf8 68.Nf5 Bc5 69.Nh6 h4 70.Ke2 Kc3 71.Nxf7 h3
72.Kf3 h2 73.Kg2 Kxd3 74.f3 Ke3 75.g6 Bf8 76.Nxe5 Kf4 77.Nd3+ Kg5 78.Kxh2 Kxg6
79.Kg3 Bd6+ 80.e5 Be7 81.Kf4 Kf7 82.Ke4 Kg6 83.Nf4+ Kf7 84.Kxd4  1-0

[Event "Open"]
[Site "Blackpool ENG"]
[Date "2005.03.13"]
[Round "4"]
[White "Ashton,A"]
[Black "Rutter,N"]
[Result "1-0"]
[WhiteElo "2299"]
[BlackElo "2136"]

1.e4 c5 2.Nf3 Nc6 3.Bb5 Nf6 4.e5 Nd5 5.Nc3 Nc7 6.Bxc6 dxc6 7.h3 g6 8.d3 Ne6
9.Ne4 Bg7 10.O-O O-O 11.Be3 Qc7 12.Nxc5 Nxc5 13.Bxc5 Bxe5 14.Bxe7 Qxe7 15.Re1 Qb4
16.Rxe5 Qxb2 17.a4 Qb4 18.Rb1 Qxa4 19.Qd2 Qa2 20.Rbe1 Kg7 21.Qc3 f6 22.Re7+ Kg8
23.Ng5 Qd5 24.Nxh7 Bxh3 25.gxh3 Qf5 26.Qc4+  1-0

[Event "Extraliga CZE 2004-5"]
[Site "Czech Rep CZE"]
[Date "2005.03.19"]
[Round "8"]
[White "Nedela,V"]
[Black "Kulhanek,T"]
[Result "1-0"]
[WhiteElo "2374"]
[BlackElo "2370"]

1.e4 c5 2.Nf3 Nc6 3.Bb5 d6 4.c3 Nf6 5.Qe2 Bd7 6.O-O a6 7.Ba4 b5 8.Bc2 e5
9.h3 Be7 10.d3 O-O 11.Re1 Re8 12.Nbd2 Bf8 13.Nf1 h6 14.Ne3 g6 15.Nh2 Nh5
16.Qf3 Nf4 17.Bb3 Na5 18.Bd5 Ra7 19.Kh1 Bg7 20.Bxf7+ Kxf7 21.g3 g5 22.Rg1 Kg8
23.gxf4 exf4 24.Nd5 Re6 25.h4 Nc6 26.Qg2 Be8 27.hxg5 Rg6 28.Bxf4 Rf7 29.Be3 Ne5
30.f4 Nxd3 31.Qd2 c4 32.f5 Rxg5 33.Bxg5 hxg5 34.Raf1 Bc6 35.Qxg5 Qxg5 36.Rxg5 Bxd5
37.exd5 Kf8 38.Ng4 Be5 39.Nxe5 dxe5 40.f6 e4 41.Rg3 Rd7 42.Kg2 Rxd5 43.f7 Ne1+
44.Rxe1 Rd2+ 45.Kh3 Kxf7 46.Rg2 Rd3+ 47.Kg4 Kf6 48.Rxe4 a5 49.Rf2+  1-0

[Event "Extraliga CZE 2004-5"]
[Site "Czech Rep CZE"]
[Date "2005.03.19"]
[Round "8"]
[White "Movsesian,S"]
[Black "Cvek,R"]
[Result "1-0"]
[WhiteElo "2624"]
[BlackElo "2499"]

1.e4 c5 2.Nf3 Nc6 3.Bb5 g6 4.O-O Bg7 5.c3 Nf6 6.Qa4 O-O 7.d4 cxd4 8.cxd4 d6
9.Bxc6 bxc6 10.Qxc6 Bd7 11.Qc2 Rc8 12.Nc3 d5 13.e5 Ne4 14.Qb3 Nxc3 15.bxc3 Qa5
16.Bg5 f6 17.exf6 exf6 18.Bd2 Rb8 19.Qd1 Qa6 20.Re1 Bf5 21.Qc1 g5 22.h4 h6
23.Nh2 Rb7 24.Nf1 Rfb8 25.Qd1 Rb1 26.Qf3 Rxa1 27.Rxa1 Be4 28.Qg3 Rb2 29.hxg5 hxg5
30.a4 Qd3 31.f3 Bg6 32.Qe1 Kf7 33.Rd1 g4 34.fxg4 Ra2 35.g5 fxg5 36.Ng3 Be4
37.Nxe4 Qxe4 38.Qg3 g4 39.Re1 Qg6 40.Qb8 Qc6 41.Rf1+ Kg6 42.Qb1+  1-0

[Event "TCh-BEL 2004-5"]
[Site "Belgium BEL"]
[Date "2005.03.20"]
[Round "11"]
[White "Vandenbussche,T"]
[Black "Philipowski,R"]
[Result "0-1"]
[WhiteElo "2167"]
[BlackElo "2329"]

1.e4 c5 2.Nf3 Nc6 3.Bb5 g6 4.O-O Bg7 5.c3 Nf6 6.d4 d5 7.exd5 Nxd5 8.dxc5 O-O
9.Nbd2 Nc7 10.Bc4 Bf5 11.Nb3 Bg4 12.Be2 e5 13.Nfd2 Bxe2 14.Qxe2 Ne6 15.Nc4 Qe7
16.Be3 f5 17.f3 e4 18.f4 g5 19.g3 gxf4 20.gxf4 Bh6 21.Kh1 Kh8 22.Qh5 Rf6
23.Nd6 Raf8 24.Rad1 Bg7 25.Rd5 Rh6 26.Qe2 Rhf6 27.Qh5 Rh6 28.Nxf5 Rxh5 29.Nxe7 Rh3
30.Nxc6 Rxe3 31.Ncd4 Nxf4 32.Rd7 Be5 33.Re7 Bb8 34.Rxb7 Be5 35.Nc6 Bg7 36.Rb8 Rxb8
37.Nxb8 Be5 38.Nd7 Bc7 39.Nd4 Ng6 40.Ne6 Rd3 41.c6 e3 42.Re1 Nh4 43.Nxc7 Nf3
44.Re2 Nh4 45.Re1 Nf3 46.Re2 Nh4 47.h3 Rd1+ 48.Kh2 Rd2 49.Kg3 Rxe2 50.Kxh4 Rf2
51.Ne5 e2 52.Nd3 Rf3 53.Ne1 Rf6 54.Nb5 Rxc6 55.Nd4 Rg6 56.Nef3 Rg2 57.b4 Kg7
58.a4 Kf6 59.c4 Ke7 60.c5 Kd7 61.b5 Kc7 62.a5 Kb7 63.Kh5 Kc7 64.h4 Kb7 65.Kh6 Rf2
66.Ne5 e1=Q  0-1

[Event "Norwegian Open"]
[Site "Oslo NOR"]
[Date "2005.03.20"]
[Round "2"]
[White "Gullaksen,E"]
[Black "Stokke,K"]
[Result "1-0"]
[WhiteElo "2383"]
[BlackElo "2211"]

1.e4 c5 2.Nf3 Nc6 3.Bb5 g6 4.Bxc6 dxc6 5.d3 Bg7 6.h3 Nf6 7.Nc3 Nd7 8.Be3 e5
9.Qd2 h6 10.O-O Qe7 11.Nh2 Nf8 12.f4 exf4 13.Rxf4 Be6 14.Rf2 Nd7 15.Ne2 O-O-O
16.Qa5 Kb8 17.Rb1 b6 18.Qa3 Ne5 19.Nf3 Nxf3+ 20.Rxf3 Rhe8 21.Nf4 Bc8 22.b3 Be5
23.Rbf1 Kb7 24.Nxg6 fxg6 25.Rf7 g5 26.b4 cxb4 27.Qxb4 Bd6 28.Qb2 Bc7 29.Rxe7 Rxe7
30.Qf6 Re6 31.Qg7 Rd7 32.Rf7 Rxf7 33.Qxf7 c5 34.h4 gxh4 35.Bf4 Rc6 36.Qg7 h5
37.Kh2 Bg4 38.c3 Kc8 39.Bxc7 Rxc7 40.Qg8+ Kb7 41.Qd5+ Kc8 42.d4 cxd4 43.cxd4 Rc2
44.Qa8+ Kd7 45.Qxa7+ Ke6 46.Qxb6+ Ke7 47.Qb4+ Kd8 48.Qd6+ Kc8 49.Qf8+ Kd7
50.Qf7+  1-0

[Event "US Amateur Team East"]
[Site "Parsippany USA"]
[Date "2005.03.20"]
[Round "4"]
[White "Braylovsky,G"]
[Black "Friedman,J"]
[Result "1/2-1/2"]
[WhiteElo "2327"]
[BlackElo "2194"]

1.e4 c5 2.Nf3 Nc6 3.Bb5 e6 4.Bxc6 bxc6 5.O-O Ne7 6.d3 Ng6 7.b3 Be7 8.Nbd2 f6
9.h4 O-O 10.g3 d5 11.Qe2 Bd6 12.h5 Ne5 13.Nxe5 Bxe5 14.Rb1 Qa5 15.Nf3 Bc3
16.h6 g6 17.e5 Qc7 18.Bb2 Bxb2 19.Rxb2 Qe7 20.exf6 Rxf6 21.Ne5 Qf8 22.f4 Rf5
23.Ng4 e5 24.Nxe5 Qxh6 25.Rf2 Rh5 26.Rh2 Rh3 27.Rxh3 Bxh3 28.Rb1 Re8 29.Rc1 Qf8
30.Qf2 Qd6 31.Nf3  1/2-1/2

[Event "ch-Privolzhsky Region"]
[Site "Ishevsk RUS"]
[Date "2005.03.21"]
[Round "6"]
[White "Rodchenkov,S"]
[Black "Frolyanov,D"]
[Result "0-1"]
[WhiteElo "2355"]
[BlackElo "2502"]

1.e4 c5 2.Nf3 Nc6 3.Bb5 e6 4.O-O Nge7 5.c3 a6 6.Ba4 b5 7.Bc2 Bb7 8.Qe2 d5
9.e5 d4 10.Be4 Ng6 11.d3 Be7 12.g3 O-O 13.h4 Qc7 14.Re1 h6 15.Qd1 Rab8 16.cxd4 cxd4
17.Qc2 Rfc8 18.Qe2 Ncxe5 19.Nxd4 Qd7 20.Nb3 Bb4 21.Rd1 f5 22.Bxb7 Qxb7 23.f4 Ng4
24.a3 Qb6+ 25.d4 Bf8 26.Nc3 Re8 27.Kg2 a5 28.h5 Ne7 29.a4 b4 30.Nb5 Nd5 31.Bd2 Qb7
32.Kg1 Ra8 33.Rac1 Qf7 34.Rc6 Qxh5 35.Rdc1 Qg6 36.Qg2 Ngf6 37.Be1 Ne4 38.Nd2 Nxd2
39.Bxd2 Kh7 40.b3 Rad8 41.Kf2 Nf6 42.Be1 Ne4+ 43.Kg1 Re7 44.Ra6 Rde8 45.Rac6 Qf7
46.Rc7 Rd7 47.R7c6 Red8 48.Qe2 Be7 49.Qc4 Bf6 50.Rxe6 Qh5 51.Kg2 Bxd4 52.Rc2 Bf6
53.Qe2 Qf7 54.Qc4 Rd1 55.Rxe4 Qb7  0-1

[Event "XXXXII Open"]
[Site "La Roda ESP"]
[Date "2005.03.23"]
[Round "1"]
[White "Zamarbide Inarrea,D"]
[Black "Minzer,C"]
[Result "0-1"]
[WhiteElo "1981"]
[BlackElo "2423"]

1.e4 c5 2.Nf3 Nc6 3.Bb5 g6 4.c3 a6 5.Bxc6 dxc6 6.d4 cxd4 7.cxd4 Bg7 8.h3 Nf6
9.Nc3 O-O 10.O-O b5 11.Re1 Nd7 12.Bf4 c5 13.d5 Nb6 14.Rb1 Bb7 15.Be5 Bh6
16.Bg3 Rc8 17.Ne5 Bg7 18.Nf3 Nc4 19.Qe2 Qa5 20.e5 Rfd8 21.Rbd1 Qb4 22.e6 f6
23.d6 Qxb2 24.dxe7 Re8 25.Qxb2 Nxb2 26.Rd2 b4 27.Nb1 Nc4 28.Rd7 Bxf3 29.gxf3 Ne5
30.Nd2 Bh6 31.Bxe5 Bxd2 32.Rd1 Bg5 33.Bc7 f5 34.Rd8 Bxe7 35.Rxc8 Rxc8 36.Rd7 Kf8
37.Kf1 a5 38.Ke2 c4 39.Kd2 Ra8 40.Kc2 Ra6 41.Rd4 Rxe6 42.Bxa5 Re2+ 43.Rd2 Rxd2+
44.Kxd2 Kf7 45.Bb6 Ke6 46.Kc2 Kd5 47.Be3 Bc5 48.Bd2 Kc6 49.Be1 Kb5 50.Kb2 Ka4
51.f4 Bd4+ 52.Kc2 Ka3 53.f3 Be3 54.Kb1 Bxf4 55.Bf2 Bd6 56.Be3 h5 57.Bc1+ Ka4
58.Be3 Be7 59.f4 Kb5 60.Kc2 Kc6 61.Kd2 Kd5  0-1

[Event "XXXXII Open"]
[Site "La Roda ESP"]
[Date "2005.03.23"]
[Round "1"]
[White "Spasov,V"]
[Black "Sanchez,Ma"]
[Result "1-0"]
[WhiteElo "2543"]
[BlackElo "2030"]

1.e4 c5 2.Nf3 Nc6 3.Bb5 g6 4.Bxc6 dxc6 5.h3 Bg7 6.d3 Qc7 7.Nc3 Nf6 8.Be3 Nd7
9.Qd2 h6 10.Nh2 b5 11.Rb1 Qa5 12.a3 b4 13.Ne2 Qb5 14.O-O e5 15.f4 Rb8 16.axb4 Qxb4
17.c3 Qb5 18.Ng4 h5 19.Nxe5 Nxe5 20.fxe5 Bxe5 21.Bf4 Bxf4 22.Qxf4 O-O 23.Ng3 c4
24.d4 Rb6 25.Rf2 c5 26.d5 Qd7 27.Rd1 f6 28.e5 Qe7 29.e6 f5 30.Qh6 Rf6 31.Rdf1 Qg7
32.Qg5 Bxe6 33.dxe6 Rfxe6 34.Rd1 Re7 35.Rfd2 Kh7 36.Qxe7 Qxe7 37.Rd7 Qxd7
38.Rxd7+ Kh6 39.Rxa7 Rxb2 40.Ra4 h4 41.Nf1 g5 42.Rxc4 Rb5  1-0

[Event "7th Foxwoods Open"]
[Site "Connecticut USA"]
[Date "2005.03.24"]
[Round "3"]
[White "Stein,Alex"]
[Black "Sena,J"]
[Result "1-0"]
[WhiteElo "2362"]
[BlackElo "2200"]

1.e4 c5 2.Nf3 Nc6 3.Bb5 Na5 4.Be2 Nf6 5.d3 d6 6.O-O Nc6 7.Bg5 e6 8.c3 Be7
9.Nbd2 O-O 10.h3 Qc7 11.d4 b6 12.a3 Bb7 13.Bd3 e5 14.Rc1 h6 15.Be3 Rfe8 16.d5 Nb8
17.Re1 Nbd7 18.Rb1 Bf8 19.Nh2 g6 20.Ng4 Nxg4 21.hxg4 a6 22.c4 Qd8 23.Qf3 Bc8
24.Qg3 Nf6 25.Be2 g5 26.b4 Qd7 27.f3 Be7 28.Rb2 Qa4 29.Ra1 Qd7 30.Qe1 Kg7
31.bxc5 bxc5 32.Nb3 h5 33.Na5 hxg4 34.Nc6 Nh5 35.fxg4 Nf4 36.Rb6 Bd8 37.Nxd8 Qxd8
38.Rab1 Rh8 39.Bf3 Qf6 40.Qg3 Qh6 41.Kf2 a5 42.Ke1 Ra6 43.Kd2 Rxb6 44.Rxb6 Qh1
45.Qe1 Nxg2 46.Qxh1 Rxh1 47.Rxd6 Nxe3 48.Kxe3 Ra1 49.Rc6 Rxa3+ 50.Kf2 Bd7
51.Rxc5 a4 52.Ra5 Rc3 53.c5 a3 54.c6 Bc8 55.Kg3 f5 56.gxf5 Bxf5 57.exf5 e4
58.d6  1-0

[Event "Open"]
[Site "Coventry ENG"]
[Date "2005.03.24"]
[Round "1"]
[White "Rayner,F"]
[Black "Wells,P"]
[Result "0-1"]
[WhiteElo "2195"]
[BlackElo "2519"]

1.e4 c5 2.Nf3 Nc6 3.Bb5 g6 4.O-O Bg7 5.Re1 Nf6 6.e5 Nd5 7.Nc3 Nc7 8.Bxc6 dxc6
9.Ne4 b6 10.Nf6+ Kf8 11.Ne4 Bg4 12.d3 Ne6 13.Neg5 Nxg5 14.Bxg5 Qd5 15.Qe2 Rd8
16.Rad1 Bxf3 17.gxf3 Qe6 18.c3 Rd5 19.d4 h6 20.Be3 cxd4 21.cxd4 Kg8 22.f4 Kh7
23.b4 Rhd8 24.Rc1 a5 25.a3 axb4 26.axb4 Rxd4 27.Bxd4 Rxd4 28.b5 cxb5 29.Rc3 b4
30.Rg3 Rxf4 31.Re3 Qf5 32.Re4 e6 33.Rxf4 Qxf4 34.Qe3 Qxe3 35.Rxe3 g5 36.h4 Kg6
37.hxg5 hxg5 38.Kf1 Bf8 39.Ke2 g4 40.Kd3 Kf5 41.f3 g3 42.Re4 Bc5 43.Rg4 Bf2
44.Ke2 b3 45.Kd3 Kxe5 46.Kc3 f5  0-1

[Event "XXXXII Open"]
[Site "La Roda ESP"]
[Date "2005.03.24"]
[Round "2"]
[White "Zamarbide Inarrea,B"]
[Black "Saldano,H"]
[Result "0-1"]
[WhiteElo "2155"]
[BlackElo "2482"]

1.e4 c5 2.Nf3 Nc6 3.Bb5 g6 4.c3 Nf6 5.e5 Nd5 6.O-O Bg7 7.Qe2 Nc7 8.Ba4 O-O
9.d4 cxd4 10.cxd4 d6 11.Rd1 Bg4 12.h3 Bxf3 13.Qxf3 d5 14.Nc3 Qd7 15.Bf4 a6
16.Bb3 e6 17.Na4 Qe7 18.Rac1 Nb5 19.Qe3 Rac8 20.Nb6 Rc7 21.a4 Nba7 22.Bxd5 Qb4
23.Bxc6 bxc6 24.Nc4 Qxa4 25.Nd6 Qb4 26.Ne4 Nb5 27.b3 Rd8 28.Rc4 Qa3 29.Bg5 Rb8
30.Nc5 Ra8 31.Bh6 Bh8 32.Ra4 Qb2 33.Ne4 Bg7 34.Nf6+ Bxf6 35.exf6 Nc3 36.Rda1 Nxa4
37.Rxa4 Qb1+ 38.Kh2 Qf5 39.Bg7 g5 40.g3 Rd7 41.Rb4 a5 42.Rc4 Rc8 43.Rc5 Rd5
44.Qd2 h5 45.h4 gxh4 46.Qh6 hxg3+ 47.fxg3 Qh7 48.Qd2 Qg6 49.Qxa5 Qc2+ 50.Kh3 Qf5+
51.Kg2 Qe4+ 52.Kh3 Qh1+  0-1

[Event "Norwegian Open"]
[Site "Oslo NOR"]
[Date "2005.03.24"]
[Round "6"]
[White "Gullaksen,E"]
[Black "Gladyszev,O"]
[Result "1/2-1/2"]
[WhiteElo "2383"]
[BlackElo "2451"]

1.e4 c5 2.Nf3 Nc6 3.Bb5 g6 4.Bxc6 dxc6 5.d3 Bg7 6.h3 Nf6 7.Nc3 O-O 8.Be3 b6
9.Qd2 e5 10.Bh6 Qd6 11.O-O Nh5 12.Ne2 f6  1/2-1/2

[Event "7th Foxwoods Open"]
[Site "Connecticut USA"]
[Date "2005.03.25"]
[Round "4"]
[White "Michel,C"]
[Black "Bierkens,P"]
[Result "1-0"]
[WhiteElo "2201"]
[BlackElo "2220"]

1.e4 c5 2.Nf3 Nc6 3.Bb5 d6 4.d4 cxd4 5.Qxd4 e5 6.Qd3 Be7 7.Nc3 Nf6 8.Bg5 O-O
9.Bxf6 Bxf6 10.O-O Be6 11.a3 Be7 12.Bc4 Rc8 13.Nd5 Kh8 14.Rad1 Bg5 15.c3 f5
16.Nxg5 Qxg5 17.exf5 Bxf5 18.Qg3 Qh6 19.Ne3 Bd7 20.Rfe1 Rf6 21.Bd3 Ne7 22.Ng4 Bxg4
23.Qxg4 Rcf8 24.Re2 Nd5 25.g3 Nc7 26.Be4 Ne6 27.Red2 Ng5 28.Bg2 e4 29.h4 Nf3+
30.Bxf3 exf3 31.Qd7 R8f7 32.Qe8+ Rf8 33.Qe7 g5 34.Rxd6 gxh4 35.Rxf6 Qxf6
36.Qxf6+ Rxf6 37.Rd8+ Kg7 38.Rd7+ Kg6 39.Rxb7 hxg3 40.fxg3 f2+ 41.Kf1 a6
42.Rb4 Kg5 43.Rf4 Rb6 44.Rxf2 Kg4 45.Kg2 Rd6 46.Rf4+ Kg5 47.Rd4 Re6 48.Kf3 Rf6+
49.Ke3 Re6+ 50.Re4 Rd6 51.c4 h5 52.c5 Rd1 53.Rc4  1-0

[Event "ch-EU"]
[Site "Cork IRL"]
[Date "2005.03.25"]
[Round "4"]
[White "Wippermann,T"]
[Black "Kotronias,V"]
[Result "1/2-1/2"]
[WhiteElo "2424"]
[BlackElo "2585"]

1.e4 c5 2.Nf3 Nc6 3.Bb5 g6 4.O-O Bg7 5.Re1 Nf6 6.e5 Nd5 7.Nc3 Nc7 8.Bxc6 dxc6
9.Ne4 Ne6 10.d3 h6 11.a3 O-O 12.b4 cxb4 13.axb4 b6 14.Ra3 Qc7 15.Bb2 Rd8
16.Qe2 Bb7 17.Qe3 c5 18.bxc5 bxc5 19.Rea1 Bd5 20.c4 Bb7 21.Bc3 Qc6 22.Rxa7 Rxa7
23.Rxa7 g5 24.h4 Qb6 25.Ra1 Qb3 26.Rc1 Bxe4 27.Qxe4 Qa3 28.Rc2 Qb3 29.Rc1 Qa3
30.Rc2 Qb3  1/2-1/2

[Event "Open"]
[Site "Coventry ENG"]
[Date "2005.03.25"]
[Round "2"]
[White "Ashton,A"]
[Black "Greenfeld,A"]
[Result "0-1"]
[WhiteElo "2299"]
[BlackElo "2549"]

1.e4 c5 2.Nf3 Nc6 3.Bb5 d6 4.O-O Bd7 5.Re1 Nf6 6.c3 a6 7.Bxc6 Bxc6 8.d4 Bxe4
9.Bg5 Bd5 10.Nbd2 c4 11.b3 b5 12.bxc4 bxc4 13.Nh4 e6 14.Nf5 Be7 15.Nxg7+ Kd7
16.Bxf6 Bxf6 17.Nh5 Bg5 18.Ne4 f5 19.Nd2 Qa5 20.Nf3 Rhg8 21.Nxg5 Rxg5 22.Nf6+ Ke7
23.Nxd5+ Qxd5 24.g3 f4 25.Qc2 Rf5 26.Rab1 fxg3 27.hxg3 Raf8 28.Qe4 Qxe4 29.Rxe4 Rb5
30.Rxb5 axb5 31.Rh4 Rf7 32.Rh6 d5 33.Kf1 Rf3 34.Rxh7+ Kd6 35.Rb7 Kc6 36.Re7 Kd6
37.Rb7 Rxc3 38.Rxb5 Rd3 39.Rb6+ Ke7 40.Ke2 Rxd4 41.a4 Rd3 42.a5 Ra3 43.a6 Kf6
44.g4 Ke5 45.g5 Ra2+ 46.Kf1 c3 47.g6 Ra1+ 48.Ke2 c2  0-1

[Event "Arcimpex Cup"]
[Site "Frydek Mistek CZE"]
[Date "2005.03.25"]
[Round "4"]
[White "Zapolskis,A"]
[Black "Rogule,L"]
[Result "1-0"]
[WhiteElo "2341"]
[BlackElo "2281"]

1.e4 c5 2.Nf3 Nc6 3.Bb5 g6 4.O-O Bg7 5.Re1 e5 6.Bxc6 dxc6 7.h3 Be6 8.d3 h6
9.Be3 b6 10.a4 a5 11.Qc1 Qc7 12.Na3 Nf6 13.b3 Nh5 14.Rb1 g5 15.Nc4 Nf4 16.Qb2 f6
17.Bxf4 gxf4 18.c3 b5 19.Ncd2 Qd7 20.d4 Bxh3 21.gxh3 Qxh3 22.Nh2 Rd8 23.Ndf3 Kf7
24.Kh1 Rhg8 25.Rg1 f5 26.Qe2 exd4 27.cxd4 cxd4 28.Qd3 Qh5 29.exf5 Rd5 30.axb5 cxb5
31.Rbc1 Qxf5 32.Rc7+ Kf8 33.Qxf5+ Rxf5 34.Nxd4 Re5 35.Rb7 a4 36.Nxb5 axb3
37.Nd6 Re7  1-0

[Event "XXXXII Open"]
[Site "La Roda ESP"]
[Date "2005.03.25"]
[Round "4"]
[White "Gil Hector,L"]
[Black "San Emeterio Cabanes,J"]
[Result "0-1"]
[WhiteElo "2295"]
[BlackElo "2401"]

1.e4 c5 2.Nf3 Nc6 3.Bb5 g6 4.Bxc6 dxc6 5.d3 Bg7 6.Nc3 e5 7.Be3 Qe7 8.h3 Nf6
9.O-O Nd7 10.a3 O-O 11.Qd2 Rd8 12.Nh2 Nf8 13.f4 exf4 14.Bxf4 c4 15.Kh1 cxd3
16.cxd3 Be6 17.Rf3 Nd7 18.Qe2 Ne5 19.Re3 Rd7 20.Nf3 Nxf3 21.Rxf3 Qh4 22.Qd2 h6
23.Bg3 Qh5 24.Ne2 g5 25.Bf2 Qg6 26.Ng3 g4 27.hxg4 Bxg4 28.Rf4 Be5 29.Rxg4 Qxg4
30.Nf5 Qh5+ 31.Bh4 Bg3 32.Qc3 f6 33.Qxf6 Bxh4 34.Nxh4 Rf7 35.Qg6+ Qxg6 36.Nxg6 Rd8
37.Kg1 Rf6 38.Ne5 Re6 39.Nf3 Rxd3 40.Re1 c5 41.e5 Rb3 42.Re2 Kf7 43.Rc2 Rc6
44.Nd2 Rd3 45.Kf2 Ke6 46.Ke2 Rd4 47.Nf3 Rg4 48.Kf2 a5 49.Rc3 a4 50.Rc2 b5
51.Rc1 Rc4 52.Rh1 Rc2+ 53.Ke3 Rxb2 54.Rxh6+ Kd5 55.Rh7 Rxg2 56.Rd7+ Kc4 57.Nd2+ Rxd2
58.Rxd2 b4 59.axb4 cxb4 60.Rd6 Rc7 61.e6 a3 62.Rd7 Rc8 63.e7 Re8 64.Kd2 a2
65.Ra7 Kb3  0-1

[Event "XXXXII Open"]
[Site "La Roda ESP"]
[Date "2005.03.25"]
[Round "4"]
[White "Janev,E"]
[Black "Kolev,At"]
[Result "1/2-1/2"]
[WhiteElo "2441"]
[BlackElo "2524"]

1.e4 c5 2.Nf3 Nc6 3.Bb5 Nf6 4.Bxc6 dxc6 5.Nc3 Bg4 6.d3 Nd7 7.h3 Bh5 8.Be3 e5
9.g4 Bg6 10.Qd2 Bd6  1/2-1/2

[Event "ch-EU"]
[Site "Cork IRL"]
[Date "2005.03.26"]
[Round "5"]
[White "Wilson,A"]
[Black "Mueller,Ja"]
[Result "1-0"]
[WhiteElo "2072"]
[BlackElo "1916"]

1.e4 c5 2.Nf3 Nc6 3.Bb5 Qc7 4.O-O e6 5.c3 Nf6 6.Re1 a6 7.Bf1 d5 8.e5 Nd7
9.d4 b5 10.Bd3 Bb7 11.Be3 c4 12.Bc2 h5 13.Ng5 Be7 14.f4 Bxg5 15.fxg5 O-O-O
16.Rf1 Rdf8 17.Nd2 h4 18.h3 g6 19.Qe1 Rh7 20.Rf4 Qb6 21.Qf2 Nd8 22.Nf3 Rfh8
23.Rxh4 Rxh4 24.Nxh4 b4 25.Ba4 bxc3 26.bxc3 Nxe5 27.dxe5 Qa5 28.Bd1 Qxc3
29.Bd4 Qb4 30.a3 Qb5 31.Nf3 Nc6 32.Bc2 Nxd4 33.Qxd4 Rd8 34.Rb1 Qa5 35.a4 Rd7
36.Kf2 Bc6 37.Qb6 Qxb6+ 38.Rxb6 Bb7 39.Nd4 Kc7 40.a5 Rd8 41.h4 Rh8 42.g3 c3
43.Rb3  1-0

[Event "Open"]
[Site "Coventry ENG"]
[Date "2005.03.26"]
[Round "5"]
[White "Bentley,J"]
[Black "Ansell,S"]
[Result "1-0"]
[WhiteElo "2216"]
[BlackElo "2408"]

1.e4 c5 2.Nf3 Nc6 3.Bb5 e6 4.O-O Nge7 5.c3 d5 6.exd5 Qxd5 7.Qe2 a6 8.Bc4 Qd8
9.d4 cxd4 10.Rd1 d3 11.Bxd3 Qc7 12.Nbd2 Ng6 13.Be4 Be7 14.Nc4 O-O 15.Be3 b5
16.Bb6 Qb7 17.Nfe5 bxc4 18.Nxc6 Bg5 19.Bc5 Nf4 20.Qg4 Qb5 21.Qxg5 Ne2+ 22.Kh1  1-0

[Event "Alpress Cup"]
[Site "Frydek Mistek CZE"]
[Date "2005.03.26"]
[Round "6"]
[White "Kalvaitis,S"]
[Black "Rojicek,V"]
[Result "0-1"]
[WhiteElo "2152"]
[BlackElo "2083"]

1.e4 c5 2.Nf3 Nc6 3.Bb5 g6 4.c3 Bg7 5.O-O Nf6 6.e5 Nd5 7.d4 cxd4 8.cxd4 O-O
9.Nc3 Nxc3 10.bxc3 d5 11.exd6 Qxd6 12.a4 Bg4 13.h3 Bf5 14.Ba3 Qc7 15.Qe2 b6
16.Qc4 Rfc8 17.Rfe1 Nxd4 18.Nxd4 Qxc4 19.Bxc4 Rxc4 20.Nxf5 gxf5 21.Rxe7 Rxa4
22.Rc7 Bf8 23.Bb2 Rxa1+ 24.Bxa1 a5 25.Rb7 Rd8 26.Kh2 Rd1 27.Bb2 Rb1 28.Rxb6 Ba3
29.Ra6 Rxb2 30.Rxa5 Bd6+ 31.g3 Rxf2+ 32.Kg1 Rf3  0-1

[Event "Norwegian Open"]
[Site "Oslo NOR"]
[Date "2005.03.26"]
[Round "8"]
[White "Hanley,Ja"]
[Black "Breivik,L"]
[Result "0-1"]
[WhiteElo "2056"]
[BlackElo "2221"]

1.e4 c5 2.Nf3 Nc6 3.Bb5 g6 4.O-O Bg7 5.Re1 e5 6.d3 Nge7 7.Nc3 O-O 8.Bg5 f6
9.Bc4+ Kh8 10.Be3 Nd4 11.Nd5 b5 12.Bxd4 cxd4 13.Bxb5 Nxd5 14.exd5 Qb6 15.Bc4 Qxb2
16.h4 d6 17.Nd2 f5 18.Bb3 Qa3 19.h5 g5 20.h6 Bf6 21.Qh5 Qa5 22.Nf3 Bd7 23.g4 fxg4
24.Nh2 Qd2 25.Nxg4 Be7 26.Rf1 Qf4 27.Nh2 g4 28.Kh1 Rf6  0-1

[Event "ch-EU"]
[Site "Cork IRL"]
[Date "2005.03.27"]
[Round "6"]
[White "Berzinsh,R"]
[Black "Kotronias,V"]
[Result "1/2-1/2"]
[WhiteElo "2454"]
[BlackElo "2585"]

1.e4 c5 2.Nf3 Nc6 3.Bb5 g6 4.Bxc6 dxc6 5.d3 Bg7 6.h3 b6 7.Nc3 e5 8.O-O f6
9.Nh2 Nh6 10.f4 exf4 11.Bxf4 Nf7 12.Nf3 Be6 13.a4 a5 14.Kh1 Qd7 15.Qe2 O-O
16.Rad1 f5  1/2-1/2

[Event "Open"]
[Site "Coventry ENG"]
[Date "2005.03.27"]
[Round "6"]
[White "Ansell,S"]
[Black "Karayiannis,C"]
[Result "1-0"]
[WhiteElo "2408"]
[BlackElo "2158"]

1.e4 c5 2.Nf3 Nc6 3.Bb5 g6 4.O-O Bg7 5.Nc3 Nd4 6.Ba4 a6 7.Nxd4 cxd4 8.Ne2 Nf6
9.d3 b5 10.Bb3 Qb6 11.c3 dxc3 12.bxc3 Bb7 13.Be3 Qc7 14.f3 O-O 15.d4 d6 16.Qe1 a5
17.Rb1 Ba6 18.Qf2 Nd7 19.Rfc1 Nb6 20.d5 Nc4 21.Bxc4 Qxc4 22.Nd4 Rfe8 23.Nb3 Qa4
24.Bd4 Bh6 25.Re1 b4 26.cxb4 axb4 27.Qh4 Bg7 28.Bxg7 Kxg7 29.Qf2 Bb7 30.Rb2 Kg8
31.h4 h5 32.Kh2 Rac8 33.Rg1 Rc4 34.g4 hxg4 35.Rxg4 Kg7 36.Qg1 Bc8 37.Rg5 Qd7
38.Qg3 Rh8 39.Rg2 Rh6 40.Na5 Rc1 41.Nc6 Rc4 42.h5 e5 43.Qh4 Qe8 44.Ne7 Rc7
45.Nxg6 fxg6 46.Rxg6+ Rxg6 47.Rxg6+ Kh7 48.Qf6  1-0

[Event "Open"]
[Site "Coventry ENG"]
[Date "2005.03.27"]
[Round "7"]
[White "Mason,D"]
[Black "Ansell,S"]
[Result "1/2-1/2"]
[WhiteElo "2255"]
[BlackElo "2408"]

1.e4 c5 2.Nf3 Nc6 3.Bb5 e6 4.O-O Nge7 5.b3 a6 6.Bxc6 Nxc6 7.Bb2 b5 8.c4 b4
9.Re1 Bb7 10.d3 d6 11.Nbd2 e5 12.Nf1 g6 13.Ne3 Bg7 14.Nd5 O-O 15.a3 a5 16.axb4 axb4
17.Rxa8 Qxa8 18.Qc2 Qd8 19.Ra1 f5 20.Qb1 Bh6 21.Qa2 Rf7 22.Qa4 g5 23.Qb5 g4
24.Ne1 Bd2 25.exf5 Qg5 26.f6 Bxe1 27.Rxe1 Qd2 28.Rf1 Qxb2 29.Ne7+ Nxe7  1/2-1/2

[Event "ch-RUS w 1st League"]
[Site "Samara RUS"]
[Date "2005.03.27"]
[Round "5"]
[White "Ubiennykh,E"]
[Black "Guseva,M"]
[Result "1-0"]
[WhiteElo "2327"]
[BlackElo "2261"]

1.e4 c5 2.Nf3 Nc6 3.Bb5 e6 4.Bxc6 bxc6 5.d3 Qc7 6.O-O Ne7 7.Nh4 Ng6 8.Nxg6 hxg6
9.f4 g5 10.Qg4 gxf4 11.Bxf4 e5 12.Bd2 d6 13.Qg3 Be6 14.Na3 Rh7 15.Nc4 Be7
16.b4 cxb4 17.Ne3 Rb8 18.Nf5 Bxf5 19.Rxf5 g6 20.Rff1 Bh4 21.Qg4 Qd7 22.Qf3 Bd8
23.Kh1 Qe6 24.Rfb1 a5 25.c3 f6 26.cxb4 Rhb7 27.Rc1 Kd7 28.bxa5 Ra7 29.Qe3 c5
30.Qh6 g5 31.a4 Rb3 32.Bc3 Kc6 33.Qf8 Be7 34.Qe8+ Kc7 35.Rab1 Rab7 36.Rxb3 Rxb3
37.a6 Kb6 38.Qb8+ Kxa6 39.Qa8+  1-0